000 00308nam a22001337a 4500
020 _a9788176220613
082 _a631.4
_bMIL/FU
100 _aMiller C.E.
_91176
100 _aTurk L.M.
_91177
245 _aFundamentals of Soil Science
260 _aDelhi
_bBiotech Books
_c2008
300 _a462
942 _cBK
999 _c14673
_d14673